Bytový dom

Na minha lista:
Detalhes bibliográficos
Autor principal: Košút, Pavol (Author)
Outros Autores: Vavrovič, Boris (Thesis advisor)
Formato: Manuscrito Livro
Idioma:eslovaco
Publicado em: 2025
Assuntos:
Acesso em linha:http://is.stuba.sk/zp/portal_zp.pl?podrobnosti=168406
CRZP
Tags: Adicionar Tag
Sem tags, seja o primeiro a adicionar uma tag!

MARC

LEADER 00000ntm a22000003a 4500
001 stuzp105029
003 SK-STU
005 20250725112050.4
007 ta
008 150427s2015----xo-----f-mn---000-0-slo-d
040 |a STU  |b slo 
041 0 |a slo 
100 1 |a Košút, Pavol  |u 010180  |4 aut  |U SvF Stavebná fakulta  |T SvF Katedra konštrukcií pozemných stavieb  |X 115727  |U V180  |Y 18  |7 115727 
242 0 1 |a Flat building  |y eng 
245 1 0 |a Bytový dom 
260 |c 2025 
650 4 |a projekt na realizáciu stavby  |2 slo 
650 4 |a bytový dom  |2 slo 
650 4 |a novostavba  |2 slo 
650 4 |a construction realization project  |2 eng 
650 4 |a new building  |2 eng 
650 4 |a residential building  |2 eng 
700 1 |a Vavrovič, Boris  |u 010180  |k Z1  |4 ths  |U SvF Stavebná fakulta  |T SvF Katedra konštrukcií pozemných stavieb  |X 619  |U V180  |Y 18  |7 A000000619 
856 4 |u http://is.stuba.sk/zp/portal_zp.pl?podrobnosti=168406 
856 4 |u https://opac.crzp.sk/?fn=detailBiblioForm&sid=C9A1C75A261DD259FA87411E26A3  |z CRZP